| 000 | 02067cam a22004934i 4500 | ||
|---|---|---|---|
| 003 | PE-LiUPU | ||
| 005 | 20250731173024.0 | ||
| 008 | 150623s1998 pau rb 000 0 eng d | ||
| 020 | _a1563382628 | ||
| 035 | _a(Sirsi) i9781563382628 | ||
| 040 |
_aPE-LiUPU _bspa _cPE-LiUPU _erda |
||
| 049 | _aPRUA | ||
| 082 | 0 | 4 |
_a234.6 _bK58 _221 |
| 100 | 1 |
_aKittredge, Cynthia Briggs, _eautor. |
|
| 245 | 1 | 0 | _aCommunity and authority: the rhetoric of obedience in the Pauline tradition. |
| 264 | 1 |
_aHarrisburg, Pennsylvania : _bTrinity Press International, _c1998. |
|
| 300 |
_a186 páginas ; _c23 centímetros |
||
| 336 |
_atext _2rdacontent |
||
| 337 |
_aunmediated _2rdamedia |
||
| 338 |
_avolume _2rdacarrier |
||
| 490 | 1 |
_aHarvard Theological Studies ; _v12 |
|
| 504 | _aIncluye bibliografía. | ||
| 505 | 0 | _aThe hermeneutical framework of the interpretation of obedience in Paul -- The semantic field of obedience Pauls letter to the philippians: rhetorical analysis and rhetorical situation -- Philippians : from thetorical analysis to historical situation -- The letter to the Ephesians: rhetorical and rhetorical situation -- Ephesians: from rhetorical analyisis to historical situation. | |
| 526 | _aSEG42 | ||
| 526 | _aSEG41 | ||
| 526 | _aSEG40 | ||
| 526 | _aSEG39 | ||
| 526 | _aP94 | ||
| 526 | _aP87 | ||
| 526 | _aP86 | ||
| 526 | _aP85 | ||
| 526 | _aP77 | ||
| 526 | _aP76 | ||
| 526 | _aP35 | ||
| 541 | _20150623; | ||
| 630 |
_aBiblia. _pN.T. _pEfesios _xSocio-retórica crítica. |
||
| 630 |
_aBiblia. _pN.T. _pFilipenses _xSocio-retórica crítica. |
||
| 650 | 0 | 4 |
_aObediencia _xEnseñanza Bíblica. |
| 942 |
_2ddc _cBOOK |
||
| 949 |
_a234.6 K58 _wDEWEY _c1 _i47895 _lCCODEBUL1 _mBUL _r0 _sY _tBOOK _u2015-6-24 _xTEOLOGIA _PP35 _0COMPRA _o.STAFF. Colección Teología |
||
| 994 |
_aC0 _bPEPRU |
||
| 596 | _a1 | ||
| 999 |
_a234.6 K58 _wDEWEY _c24368 _i47895 _d24368 _e2019-7-25 _f2021-11-10 _g5 _lCCODEBUL1 _mBUL _n1 _p20.00 _r0 _sY _tBOOK _u2015-6-24 _xTEOLOGIA _PP35 _0COMPRA _o.STAFF. Colección Teología |
||
| 980 |
_81 _gALBERTO SANCHEZ Responsable de Automatización |
||